| 000 | 00956nac a22002291u 4500 | ||
|---|---|---|---|
| 010 | _a 92036719 | ||
| 020 | _a0873714024 (acid-free paper) | ||
| 082 | 0 | 0 |
_a604.7 _bROB |
| 090 |
_c8516 _d8516 |
||
| 100 | _aRobinson, Janet E. | ||
| 245 | 0 | 0 |
_aIssues in underground storage tank management : tank closure and financial assurance / _btank closure and financial assurance / _cJanet E. Robinson ... [et al.]. |
| 260 |
_aBoca Raton, Fla. : _bLewis Publishers,1993. _cc1993. |
||
| 300 |
_a298 p. ; _c24 cm. |
||
| 500 | _aDistributer: Al-Ahram | ||
| 504 | _aIncludes bibliographical references and index. | ||
| 511 | _aCatalogued by: Sara | ||
| 650 | 0 |
_aHazardous substances _xSafety measures. |
|
| 650 | 0 |
_aChemical spills _xEnvironmental aspects. |
|
| 650 | 0 | _aUnderground storage tanks. | |
| 856 | 4 | 2 |
_3Publisher description _uhttp://www.loc.gov/catdir/enhancements/fy0744/92036719-d.html |
| 942 |
_cBB _k604.7ROB |
||
| 999 |
_c8516 _d8516 |
||